| 000 | 00789nam a22002293a 4500 | ||
|---|---|---|---|
| 001 | 121424 | ||
| 005 | 20230403155032.0 | ||
| 008 | 230403e201703uuxxk | |||||||0|0 eng|d | ||
| 020 | _a9780414058132 (pbk.) : | ||
| 020 | _a0414058135 (pbk.) : | ||
| 041 | _aeng | ||
| 082 | 0 | 4 | _a343.42078624 |
| 245 | 0 | 0 |
_aJCT: Major Project Construction Contract Guide 2016. _bMP/G 2016 |
| 260 |
_aLondon : _bSweet & Maxwell : _b[distributor] Sweet & Maxwell Ltd : _b[distributor] Thomson Reuters : _b[distributor] Thomson Reuters : _b[distributor] Academic Marketing Services (Pty), _c2017. |
||
| 300 | _a22p. | ||
| 490 | _aJCT Contracts 2016 | ||
| 500 | _aPaperback. | ||
| 651 | _aUnited Kingdom | ||
| 690 |
_96230 _aConstruction management |
||
| 942 | _n0 | ||
| 999 |
_c121424 _d121424 |
||